00433nam a2200157Ia 4500008004100000040001900041041001200060082002800072100002100100245004600121260002500167300001900192650002000211651002300231850002100254131103s9999 xx 000 0 und d aLoreto College aEnglish a823.91/CHRbLCBED/11824 aChristie, Agatha aAgatha Christie's poirotcAgatha Christie aLondonbHerperc1993 a253p. c 18cm. aEnglish fiction aEnglish literature aLCBED/823.91/CHR